Annual review of biochemistry. / (Record no. 5920)
[ view plain ]
| 000 -LEADER | |
|---|---|
| fixed length control field | 00572nam a22001937a 4500 |
| 008 - FIXED-LENGTH DATA ELEMENTS--GENERAL INFORMATION | |
| fixed length control field | 160226b xxu||||| |||| 00| 0 eng d |
| 022 ## - INTERNATIONAL STANDARD SERIAL NUMBER | |
| International Standard Serial Number | 00664154 |
| 050 ## - LIBRARY OF CONGRESS CALL NUMBER | |
| Classification number | QP501.A7(vol.71) |
| 245 ## - TITLE STATEMENT | |
| Title | Annual review of biochemistry. / |
| Statement of responsibility, etc. | edited by Charles C.Richardson et. al... |
| 260 ## - PUBLICATION, DISTRIBUTION, ETC. | |
| Place of publication, distribution, etc. | California: |
| Name of publisher, distributor, etc. | Annual review, |
| Date of publication, distribution, etc. | 2002. |
| 300 ## - PHYSICAL DESCRIPTION | |
| Extent | x, 1051p. |
| Other physical details | ill(some col.); |
| Dimensions | 24cm. |
| 440 ## - SERIES STATEMENT/ADDED ENTRY--TITLE | |
| Volume/sequential designation | vol.71 |
| 500 ## - GENERAL NOTE | |
| General note | includes index |
| 650 ## - SUBJECT ADDED ENTRY--TOPICAL TERM | |
| Topical term or geographic name entry element | Biochemistry |
| 800 ## - SERIES ADDED ENTRY--PERSONAL NAME | |
| Personal name | Richardson, Charles C. |
| 800 ## - SERIES ADDED ENTRY--PERSONAL NAME | |
| Personal name | Kornberg Roger |
| 800 ## - SERIES ADDED ENTRY--PERSONAL NAME | |
| Personal name | Raetz, Christian R.H. |
| 942 ## - ADDED ENTRY ELEMENTS (KOHA) | |
| Source of classification or shelving scheme | Library of Congress Classification |
| Koha item type | Books |
| Withdrawn status | Lost status | Source of classification or shelving scheme | Damaged status | Not for loan | Home library | Current library | Shelving location | Date acquired | Total Checkouts | Full call number | Barcode | Date last seen | Price effective from | Koha item type |
|---|---|---|---|---|---|---|---|---|---|---|---|---|---|---|
| Library of Congress Classification | WISCONSIN INTERNATIONAL UNIVERSITY COLLEGE, GHANA - MAIN LIBRARY | WISCONSIN INTERNATIONAL UNIVERSITY COLLEGE, GHANA - MAIN LIBRARY | nursing | 26/02/2016 | QP501.A7(vol.78) | NURS/126/16 | 26/02/2016 | 26/02/2016 | Books | |||||
| Library of Congress Classification | WISCONSIN INTERNATIONAL UNIVERSITY COLLEGE, GHANA - MAIN LIBRARY | WISCONSIN INTERNATIONAL UNIVERSITY COLLEGE, GHANA - MAIN LIBRARY | nursing | 26/02/2016 | QP501.A7(vol.71) | NURS/120/16 | 26/02/2016 | 26/02/2016 | Books |
